=LDR 00000nam 2200000 4500 =001 INLIS000000000024263 =005 20130612122849 =008 ***********************************Ind** =035 ##$$0010-061300000024263 =041 ##$$a Ind =082 ##$$a D28.5 =090 ##$$a D28.5, Nil a =100 ##$$a Nilandari, Ary =245 ##$$a Aku senang bangun pagi, Ary Nilandrai =260 ##$$a 2002 $b Bandung =300 ##$$a 23 hlm, ilus, 18 cm =650 ##$$a Bacaan kanak-kanak =850 ##$$a NBPNMAT